Conversioni fisiche: tempo - Statistics

Statistiche generali
  • Questo quiz è stato fatto 117 volte
  • Il punteggio medio è 6 su 10
Statistiche sulle risposte
Conversione X % Corretto
1 giorno = x ore 24
100%
2 minuti = x secondi 120
99%
10 ore = x secondi 36000
81%
1 lustro = x anni 5
73%
27 minuti = x secondi 1620
68%
12 minuti = x ore 0,2
64%
3847 microsecondi = x millisecondi 3,847
47%
3 anni = x ore 26280
33%
1 anno = x secondi 31536000
32%
6 giorni = x microsecondi 518400000000
15%
Nessun quiz corrispondente trovato
Distribuzione punteggi
Percentuale di utenti per punteggio
Percentile per numero di risposta
I tuoi punteggi nel tempo
Non hai fatto questo quiz